[Event "21st Abu Dhabi Masters 2014"]
[Site "Abu Dhabi UAE"]
[Date "2014.08.20"]
[Round "1.25"]
[White "Barnaure, Vlad-Victor"]
[Black "Al-Halila, Ayman"]
[Result "1/2-1/2"]
[WhiteTitle "IM"]
[BlackTitle "IM"]
[WhiteElo "2513"]
[BlackElo "2161"]
[WhiteFideId "1210610"]
[BlackFideId "9400168"]
[EventDate "2014.08.20"]

1. d4 Nf6 2. c4 e6 3. Nf3 b6 4. a3 Bb7 5. Nc3 d5 6. cxd5 Nxd5 7. Qc2 Nxc3 8.
Qxc3 Be7 9. Bf4 c6 10. e3 O-O 11. Rd1 Nd7 12. Bd3 Nf6 13. Be5 Qc8 14. O-O c5 15.
dxc5 Qxc5 16. Qxc5 bxc5 17. Nd2 Rfd8 18. Be2 Rd7 19. Nb3 Rad8 20. Na5 Rxd1 21.
Rxd1 Rxd1+ 22. Bxd1 Nd7 23. Bc3 Bd5 24. f3 f5 25. Ba4 Nb6 26. Bb5 Kf7 27. b3 Bf6
28. Bd2 Ke7 29. Kf2 Bb2 30. a4 Kd6 31. Ke2 e5 32. Be1 Ba3 33. Bd3 e4 34. Bg3+
Ke6 35. fxe4 fxe4 36. Ba6 Bb4 37. Nc4 Bxc4+ 38. Bxc4+ 1/2-1/2

[Event "21st Abu Dhabi Masters 2014"]
[Site "Abu Dhabi UAE"]
[Date "2014.08.20"]
[Round "1.26"]
[White "Ayyad, Maher"]
[Black "Ankit, R. Rajpara"]
[Result "0-1"]
[WhiteTitle "FM"]
[BlackTitle "GM"]
[WhiteElo "2147"]
[BlackElo "2509"]
[WhiteFideId "11200235"]
[BlackFideId "5023335"]
[EventDate "2014.08.20"]

1. d4 d5 2. Nf3 Nf6 3. Bf4 g6 4. e3 Bg7 5. c4 O-O 6. Nc3 c5 7. Be2 cxd4 8. exd4
dxc4 9. Bxc4 Nbd7 10. O-O Nb6 11. Be2 Be6 12. Re1 Rc8 13. Rc1 a6 14. a3 Nc4 15.
Bxc4 Bxc4 16. Qd2 Re8 17. Be5 Be6 18. h3 Qd7 19. Red1 Bb3 20. Re1 Red8 21. Qe3
Bd5 22. Bxf6 Bxf6 23. Nxd5 Qxd5 24. Rxc8 Rxc8 25. Rc1 Rd8 26. Rc7 Kg7 27. Qc3
Qe4 28. Kh2 Rd6 29. Qe3 Qd5 30. b4 Re6 31. Qf4 Re4 32. Rc5 Qxd4 33. Nxd4 Rxf4
34. Nf3 Bb2 35. Kg3 Rf5 36. Rxf5 gxf5 37. a4 Bc3 38. b5 axb5 39. axb5 e5 40. Nh4
Kf6 41. Kf3 Bd4 42. g4 e4+ 43. Kf4 fxg4 44. hxg4 Bxf2 45. Nf5 e3 46. Kf3 h5 47.
g5+ Ke5 0-1

[Event "21st Abu Dhabi Masters 2014"]
[Site "Abu Dhabi UAE"]
[Date "2014.08.20"]
[Round "1.27"]
[White "Rasulov, Vugar"]
[Black "Ayyad, Husain"]
[Result "1-0"]
[WhiteTitle "GM"]
[BlackTitle "FM"]
[WhiteElo "2509"]
[BlackElo "2146"]
[WhiteFideId "13402390"]
[BlackFideId "11200243"]
[EventDate "2014.08.20"]

1. e4 e5 2. Nf3 Nc6 3. Bb5 a6 4. Ba4 Nf6 5. O-O Be7 6. Re1 b5 7. Bb3 d6 8. c3
O-O 9. d4 h6 10. h3 exd4 11. cxd4 d5 12. e5 Ne4 13. Nbd2 Ng5 14. Nxg5 hxg5 15.
Nf1 a5 16. a3 a4 17. Bc2 g6 18. Ng3 Kg7 19. f4 gxf4 20. Bxf4 Be6 21. Qd3 Rh8 22.
Rf1 Rh4 23. Rf2 Qd7 24. Raf1 Rah8 25. Qe3 Qd8 26. Ne2 Qd7 27. Bg3 R4h7 28. Nf4
Nd8 29. Rf3 c6 30. Be1 Rh6 31. Ba5 Rf8 32. Rg3 Rg8 33. Bxg6 1-0

[Event "21st Abu Dhabi Masters 2014"]
[Site "Abu Dhabi UAE"]
[Date "2014.08.20"]
[Round "1.29"]
[White "Grover, Sahaj"]
[Black "Ram, Aravind L N"]
[Result "1-0"]
[WhiteTitle "GM"]
[BlackTitle "FM"]
[WhiteElo "2492"]
[BlackElo "2119"]
[WhiteFideId "5021103"]
[BlackFideId "25033760"]
[EventDate "2014.08.20"]

1. Nf3 Nf6 2. c4 g6 3. Nc3 Bg7 4. e4 d6 5. d4 O-O 6. h3 e5 7. d5 Nh5 8. Bg5 Bf6
9. Be3 Bg7 10. Nd2 a6 11. c5 Qe7 12. cxd6 cxd6 13. Nc4 b5 14. Nb6 Ra7 15. Be2
Nf4 16. Bf3 Rc7 17. g3 b4 18. Nca4 f5 19. Nxc8 Rcxc8 20. gxf4 exf4 21. Bd4 fxe4
22. Bg4 Rc4 23. Be6+ Kh8 24. Bxg7+ Qxg7 25. Qe2 Rd4 26. Rd1 e3 27. Rxd4 Qxd4 28.
O-O f3 29. Qxe3 Qh4 30. Bg4 Qf6 31. Rd1 Qh4 32. Qd4+ Rf6 33. Re1 h5 34. Re6 Nd7
35. Re8+ Kh7 36. Re7+ Kh8 37. Rxd7 hxg4 38. Rf7 1-0

[Event "21st Abu Dhabi Masters 2014"]
[Site "Abu Dhabi UAE"]
[Date "2014.08.20"]
[Round "1.30"]
[White "Sameir, Ramez"]
[Black "Bajarani, Ulvi"]
[Result "0-1"]
[BlackTitle "GM"]
[WhiteElo "2113"]
[BlackElo "2483"]
[WhiteFideId "10606017"]
[BlackFideId "13403028"]
[EventDate "2014.08.20"]

1. e4 c5 2. c3 Nf6 3. e5 Nd5 4. d4 cxd4 5. Nf3 e6 6. cxd4 d6 7. Be2 Be7 8. O-O
O-O 9. Bd2 Bd7 10. Nc3 Bc6 11. Rc1 Nxc3 12. Bxc3 Nd7 13. Bd3 dxe5 14. dxe5 Nc5
15. Be2 Na4 16. Bd4 Nb6 17. Bc5 Bxc5 18. Rxc5 Qe7 0-1

[Event "21st Abu Dhabi Masters 2014"]
[Site "Abu Dhabi UAE"]
[Date "2014.08.20"]
[Round "1.31"]
[White "Ghosh, Diptayan"]
[Black "Janahi, Zeyaad"]
[Result "1-0"]
[WhiteTitle "IM"]
[BlackTitle "FM"]
[WhiteElo "2473"]
[BlackElo "2109"]
[WhiteFideId "5045207"]
[BlackFideId "11200073"]
[EventDate "2014.08.20"]

1. d4 d5 2. c4 c6 3. Nf3 Nf6 4. e3 g6 5. Nc3 Bg7 6. Be2 O-O 7. O-O dxc4 8. Bxc4
Nbd7 9. e4 Nb6 10. Bb3 Bg4 11. Be3 e5 12. dxe5 Nfd7 1-0

[Event "21st Abu Dhabi Masters 2014"]
[Site "Abu Dhabi UAE"]
[Date "2014.08.20"]
[Round "1.32"]
[White "Marwan, Abdulwahab"]
[Black "Shyam, Nikil P."]
[Result "0-1"]
[WhiteTitle "FM"]
[BlackTitle "IM"]
[WhiteElo "2070"]
[BlackElo "2469"]
[WhiteFideId "9301410"]
[BlackFideId "5024218"]
[EventDate "2014.08.20"]

1. e4 c5 2. Nc3 a6 3. a4 d6 4. g3 g6 5. Bg2 Bg7 6. Nge2 Nc6 7. d3 e6 8. Be3 Nge7
9. d4 cxd4 10. Nxd4 O-O 11. O-O Ne5 12. Qe2 Qc7 13. Rad1 Nc4 14. Bc1 Bd7 15. Kh1
e5 16. Nb3 b5 17. a5 b4 18. Nd5 Nxd5 19. Rxd5 Bb5 20. Qg4 0-1

[Event "21st Abu Dhabi Masters 2014"]
[Site "Abu Dhabi UAE"]
[Date "2014.08.20"]
[Round "1.33"]
[White "Shyam, Sundar M."]
[Black "Laabi Chian, Majid"]
[Result "1-0"]
[WhiteTitle "GM"]
[WhiteElo "2468"]
[BlackElo "2070"]
[WhiteFideId "5019141"]
[BlackFideId "12500224"]
[EventDate "2014.08.20"]

1. e4 d6 2. d4 Nf6 3. Nc3 g6 4. Bg5 c6 5. Qd2 b5 6. a3 h6 7. Be3 Bg7 8. h3 Nbd7
9. Nf3 Qc7 10. Bd3 a6 1-0

[Event "21st Abu Dhabi Masters 2014"]
[Site "Abu Dhabi UAE"]
[Date "2014.08.20"]
[Round "1.34"]
[White "Mayed, Al-Rashedi"]
[Black "Karthikeyan, Murali"]
[Result "0-1"]
[WhiteTitle "FM"]
[BlackTitle "IM"]
[WhiteElo "1859"]
[BlackElo "2462"]
[WhiteFideId "9303871"]
[BlackFideId "5074452"]
[EventDate "2014.08.20"]

1. e4 c5 2. Nf3 e6 3. d4 cxd4 4. Nxd4 a6 5. Nc3 Qc7 6. a3 Nf6 7. g3 b5 8. Bg2
Bb7 9. O-O d6 10. Re1 Be7 11. Be3 Nbd7 12. Qe2 O-O 13. Rad1 Ne5 14. Bc1 Rac8 15.
Bh3 Qb8 16. Nxe6 fxe6 17. Bxe6+ Kh8 18. Bxc8 Bxc8 19. f3 Be6 20. b3 Bd8 21. Nd5
Nxd5 22. exd5 Nxf3+ 23. Qxf3 Rxf3 24. Rxe6 Bb6+ 25. Kg2 Rf2+ 26. Kh3 Qf8 27.
Rde1 Qf5+ 28. g4 Qf3+ 29. Kh4 Rxh2+ 30. Kg5 Bd8+ 0-1

[Event "21st Abu Dhabi Masters 2014"]
[Site "Abu Dhabi UAE"]
[Date "2014.08.20"]
[Round "1.35"]
[White "Berescu, Alin-Mile"]
[Black "Kaboodi, Behrang"]
[Result "1-0"]
[WhiteTitle "GM"]
[WhiteElo "2458"]
[BlackElo "2060"]
[WhiteFideId "1204920"]
[BlackFideId "12504955"]
[EventDate "2014.08.20"]

1. c4 e5 2. g3 Nf6 3. Bg2 d5 4. cxd5 Nxd5 5. Nc3 Nb6 6. Nf3 Nc6 7. O-O Be7 8. a3
O-O 9. b4 Be6 10. d3 a5 11. b5 Nd4 12. Rb1 Nd5 13. Na4 f6 14. Nxd4 exd4 15. Bb2
c5 16. bxc6 b5 17. Bxd4 bxa4 18. Qxa4 Qd6 19. e4 Nb4 20. Be3 Nxc6 21. Rb6 Rac8
22. e5 fxe5 23. Bxc6 Bd8 24. Ra6 Kh8 25. Bb7 Qe7 26. Bxc8 Bxc8 27. Ra7 Qd6 28.
Rc1 Bh3 29. Bc5 Qh6 30. Rb1 Rg8 31. Qe4 Qh5 32. f3 Bf5 33. Qd5 Qg6 34. Ra8 Qf6
35. Rbb8 e4 36. Qxg8+ 1-0

[Event "21st Abu Dhabi Masters 2014"]
[Site "Abu Dhabi UAE"]
[Date "2014.08.20"]
[Round "1.36"]
[White "Khouri, Ahmed Abbas"]
[Black "Raetsky, Alexander"]
[Result "0-1"]
[WhiteTitle "FM"]
[BlackTitle "GM"]
[WhiteElo "2032"]
[BlackElo "2426"]
[WhiteFideId "9301518"]
[BlackFideId "4103203"]
[EventDate "2014.08.20"]

1. e4 c5 2. Nf3 Nc6 3. d4 cxd4 4. Nxd4 Nf6 5. Nc3 e6 6. Nxc6 bxc6 7. e5 Nd5 8.
Ne4 Qa5+ 9. c3 f5 10. exf6 Nxf6 11. Nd6+ Bxd6 12. Qxd6 Kf7 13. Bc4 Ba6 14. b4 0-1

[Event "21st Abu Dhabi Masters 2014"]
[Site "Abu Dhabi UAE"]
[Date "2014.08.20"]
[Round "1.37"]
[White "Meszaros, Tamas"]
[Black "Sultan, Ibrahim"]
[Result "1-0"]
[WhiteTitle "IM"]
[BlackTitle "FM"]
[WhiteElo "2422"]
[BlackElo "2023"]
[WhiteFideId "717410"]
[BlackFideId "9301143"]
[EventDate "2014.08.20"]

1. e4 c5 2. Nf3 d6 3. d4 cxd4 4. Nxd4 Nf6 5. Nc3 Nc6 6. Bg5 e6 7. Qd2 a6 8.
O-O-O Bd7 9. f3 b5 10. Nxc6 Bxc6 11. Ne2 Qb8 12. Nd4 Bd7 13. h4 b4 14. g4 a5 15.
Be3 a4 16. g5 b3 17. cxb3 axb3 18. a3 Nh5 19. Bh3 g6 20. Bg4 Bg7 21. Bxh5 gxh5
22. Kb1 O-O 23. Rc1 d5 24. exd5 e5 25. Nc6 Bf5+ 26. Ka1 Qb7 27. Bc5 Rfe8 28. Qb4
Qxb4 29. Bxb4 Bf8 30. Bxf8 Kxf8 31. Rc3 e4 32. Nd4 Bg6 33. Rf1 e3 34. Nc6 Kg7
35. Rxb3 Bf5 36. Re1 e2 37. Nd4 Re5 38. Nxf5+ Rxf5 39. Rd3 Rf4 40. Rxe2 Rxh4 41.
d6 Rd8 42. b4 Rh1+ 43. Kb2 h4 44. d7 h3 45. Rdd2 Kg6 46. Rh2 Rxd7 47. Rxh1 Rxd2+
48. Kc3 Ra2 49. Kb3 Rg2 50. Rxh3 Rxg5 51. a4 f5 52. a5 f4 53. a6 Rg1 54. b5 Ra1
55. Rh2 1-0

[Event "21st Abu Dhabi Masters 2014"]
[Site "Abu Dhabi UAE"]
[Date "2014.08.20"]
[Round "1.38"]
[White "Hojjatova, Aydan"]
[Black "Gagare, Shardul"]
[Result "0-1"]
[WhiteTitle "WCM"]
[BlackTitle "IM"]
[WhiteElo "2014"]
[BlackElo "2421"]
[WhiteFideId "13401491"]
[BlackFideId "5037883"]
[EventDate "2014.08.20"]

1. e4 c6 2. d4 d5 3. Nc3 g6 4. Nf3 Bg7 5. Be3 dxe4 6. Nxe4 Nd7 7. Be2 Ngf6 8.
Nxf6+ Nxf6 9. c3 O-O 10. O-O Nd5 11. Qd2 Qb6 12. Rab1 Bf5 13. Bd3 Bg4 14. Ne1 e5
15. Nc2 Nxe3 16. Nxe3 Be6 17. dxe5 Bxe5 18. Bc4 Rad8 19. Qc2 Rfe8 20. Bxe6 Rxe6
21. Nc4 Qa6 22. Nxe5 Rxe5 23. c4 Rde8 24. Qc3 Re2 25. a3 Qb6 26. c5 Qc7 27. Rfe1
Qf4 28. Rxe2 Rxe2 29. Rf1 Qd2 30. Qxd2 Rxd2 31. Rb1 Rc2 32. b4 Ra2 33. Kf1 Rxa3
34. b5 Rc3 35. bxc6 bxc6 36. Ra1 Rxc5 37. Rxa7 Re5 38. Rc7 Re6 39. f3 h5 40. Kf2
Kf8 41. f4 Ke8 42. Kf3 f5 43. h3 Kd8 44. Ra7 c5 45. g4 hxg4+ 46. hxg4 c4 47. Ra3
Rc6 48. Rc3 fxg4+ 49. Kxg4 Rc5 50. Kf3 Ke7 51. Ke4 Kf6 52. Kd4 Rc8 53. Ke4 Rc7
54. Ke3 Kf5 55. Kf3 Rc8 56. Ke3 Re8+ 57. Kf3 Re4 58. Kg3 Rxf4 59. Rc1 Rd4 60.
Kf3 g5 0-1

[Event "21st Abu Dhabi Masters 2014"]
[Site "Abu Dhabi UAE"]
[Date "2014.08.20"]
[Round "1.39"]
[White "Ramnath Bhuvanesh, R"]
[Black "Villadelgado, Joemarie"]
[Result "1-0"]
[WhiteTitle "IM"]
[WhiteElo "2420"]
[BlackElo "2002"]
[WhiteFideId "5026598"]
[BlackFideId "5214009"]
[EventDate "2014.08.20"]

1. e4 d5 2. exd5 Qxd5 3. Nf3 Nf6 4. d4 e6 5. c4 Qd8 6. Nc3 Be7 7. Be2 O-O 8. O-O
b6 9. Qc2 Bb7 10. Rd1 Bb4 11. a3 Bxc3 12. Qxc3 h6 13. Ne5 Nbd7 14. Bf3 Ne4 15.
Qc2 f5 16. Ng6 Rf6 17. Nf4 g5 18. Nh5 Rf7 19. Ng3 Ndf6 20. d5 Qd7 21. dxe6 Qxe6
22. b4 g4 23. Be2 Nxg3 24. hxg3 Qc6 25. Bf1 Ne4 26. Bf4 Ng5 27. b5 Qe4 28. Qxe4
Bxe4 29. c5 Re7 30. c6 Rc8 31. Bc4+ Kf8 32. Rd2 Ke8 33. Rad1 a6 34. a4 axb5 35.
axb5 Ne6 36. Bxh6 Nc5 1-0

[Event "21st Abu Dhabi Masters 2014"]
[Site "Abu Dhabi UAE"]
[Date "2014.08.20"]
[Round "1.40"]
[White "Al-Kaabi, Abdulla"]
[Black "Sunilduth Lyna, Narayanan"]
[Result "0-1"]
[WhiteElo "1991"]
[BlackElo "2414"]
[WhiteFideId "9300520"]
[BlackFideId "5058422"]
[EventDate "2014.08.20"]

1. d4 Nf6 2. Nf3 e6 3. g3 d5 4. Bg2 Be7 5. O-O O-O 6. b3 c5 7. e3 b6 8. Bb2 Nc6
9. Ne5 Bb7 10. Nd2 cxd4 11. exd4 Rc8 12. c4 dxc4 13. Ndxc4 b5 14. Ne3 Qb6 15.
Rc1 Nb4 16. a3 Rxc1 17. Bxc1 Bxg2 18. Kxg2 Nbd5 19. Nxd5 Nxd5 20. Kg1 Rd8 21.
Bb2 Bf6 22. Qh5 Bxe5 23. dxe5 b4 24. Qf3 Rc8 25. axb4 Qxb4 26. Ra1 a5 27. Ra4
Qd2 28. Ba3 Qe1+ 29. Kg2 Rc2 30. Bd6 Ne3+ 31. Kh3 Qf1+ 32. Kh4 Nf5+ 33. Kg4 h5+
34. Kxh5 Rxf2 35. Qa8+ Kh7 36. Kg5 Qc1+ 37. Rf4 Rxf4 38. gxf4 Qg1+ 0-1

[Event "21st Abu Dhabi Masters 2014"]
[Site "Abu Dhabi UAE"]
[Date "2014.08.21"]
[Round "2.1"]
[White "Vaibhav, Suri"]
[Black "Wang, Hao"]
[Result "1/2-1/2"]
[WhiteTitle "GM"]
[BlackTitle "GM"]
[WhiteElo "2521"]
[BlackElo "2730"]
[WhiteFideId "5045185"]
[BlackFideId "8602883"]
[EventDate "2014.08.20"]

1. d4 Nf6 2. c4 e6 3. Nf3 c5 4. d5 d6 5. Nc3 exd5 6. cxd5 g6 7. e4 Bg7 8. Bd3
O-O 9. h3 a6 10. a4 Nbd7 11. O-O Re8 12. Bf4 Nh5 13. Bh2 Qf6 14. Qd2 b6 15. Rae1
Qe7 16. g4 Nhf6 17. e5 dxe5 18. Nxe5 Nxe5 19. Bxe5 Qd8 20. f4 Bd7 21. Bc4 Bxa4
22. Nxa4 b5 23. Bb3 c4 24. Bd1 bxa4 25. Bxa4 Nd7 26. Bxg7 Rxe1 27. Rxe1 Kxg7 28.
d6 Qb6+ 29. Kf1 Rd8 30. Qc3+ Kg8 31. Bxd7 Qxd6 32. Ba4 Qxf4+ 33. Kg1 h5 34. Rd1
Rd3 35. Rxd3 cxd3 36. Bd1 Qg3+ 37. Kf1 Qxh3+ 38. Ke1 Qe3+ 39. Kf1 hxg4 40. Qc8+
Kg7 41. Qxg4 a5 42. Qc4 Qh3+ 43. Ke1 Qe3+ 44. Kf1 f5 45. Qc3+ Kh6 46. Qh8+ Kg5
47. Qd8+ Kh6 48. Qh8+ Kg5 49. Qd8+ Kh6 1/2-1/2

[Event "21st Abu Dhabi Masters 2014"]
[Site "Abu Dhabi UAE"]
[Date "2014.08.21"]
[Round "2.2"]
[White "Kryvoruchko, Yuriy"]
[Black "Ankit, R. Rajpara"]
[Result "1-0"]
[WhiteTitle "GM"]
[BlackTitle "GM"]
[WhiteElo "2708"]
[BlackElo "2509"]
[WhiteFideId "14109182"]
[BlackFideId "5023335"]
[EventDate "2014.08.20"]

1. e4 c6 2. d4 d5 3. e5 c5 4. dxc5 Nc6 5. a3 Nxe5 6. b4 g6 7. Bb5+ Bd7 8. Qxd5
Bg7 9. Bxd7+ Qxd7 10. Qxd7+ Nxd7 11. c3 a5 12. Ra2 b6 13. cxb6 Nxb6 14. Nf3 Nf6
15. O-O O-O 16. Be3 Nfd5 17. Bxb6 Nxb6 18. Nfd2 Rfc8 19. Nb3 axb4 20. cxb4 Nd5
21. Rd2 e6 22. g3 Bf6 23. Kg2 Bg5 24. Re2 Bf6 25. Rfe1 Kg7 26. Nc5 Be7 27. Ne4
Rc7 28. Rb2 Nb6 29. Rb3 Rc2 30. Nbc3 Nc4 31. Nb5 Ra2 32. Rc1 Nd2 33. Nxd2 Rxd2
34. Rc7 Kf8 35. Rbc3 Rd5 36. Rb7 Rdd8 37. Rcc7 1-0

[Event "21st Abu Dhabi Masters 2014"]
[Site "Abu Dhabi UAE"]
[Date "2014.08.21"]
[Round "2.3"]
[White "Neverov, Valeriy"]
[Black "Areshchenko, Alexander"]
[Result "0-1"]
[WhiteTitle "GM"]
[BlackTitle "GM"]
[WhiteElo "2498"]
[BlackElo "2684"]
[WhiteFideId "14100150"]
[BlackFideId "14109530"]
[EventDate "2014.08.20"]

1. Nf3 c5 2. g3 g6 3. Bg2 Bg7 4. d4 cxd4 5. Nxd4 Nc6 6. Nxc6 bxc6 7. O-O Rb8 8.
Nd2 Nf6 9. Nb3 Qc7 10. Bd2 d6 11. Ba5 Qd7 12. Bc3 O-O 13. e4 Nh5 14. Qd2 Bxc3
15. Qxc3 c5 16. Rad1 Qb5 17. e5 c4 18. exd6 exd6 19. Rd5 Qb6 20. Nd4 Qxb2 21.
Qxc4 Rb6 22. Rd1 Nf6 23. Ra5 d5 24. Qc7 Qxd4 25. Qc5 Qb2 0-1

[Event "21st Abu Dhabi Masters 2014"]
[Site "Abu Dhabi UAE"]
[Date "2014.08.21"]
[Round "2.4"]
[White "Kuzubov, Yuriy"]
[Black "Rasulov, Vugar"]
[Result "1-0"]
[WhiteTitle "GM"]
[BlackTitle "GM"]
[WhiteElo "2667"]
[BlackElo "2509"]
[WhiteFideId "14112906"]
[BlackFideId "13402390"]
[EventDate "2014.08.20"]

1. e4 c5 2. Nf3 d6 3. Bb5+ Bd7 4. Bxd7+ Qxd7 5. O-O Nc6 6. c3 Nf6 7. Qe2 e6 8.
d4 cxd4 9. cxd4 d5 10. e5 Ne4 11. Be3 Be7 12. Ne1 f6 13. f3 Ng5 14. Nd3 O-O 15.
Nd2 b6 16. Bf2 f5 17. Rac1 Rac8 18. Nf4 Nf7 19. h4 Rc7 20. Nb3 Rfc8 21. a3 Ncd8
22. Rxc7 Rxc7 23. Rc1 Rxc1+ 24. Nxc1 Qc6 25. Na2 b5 26. Qd1 Qc4 27. Nc1 Nh8 28.
Nfd3 Ng6 29. h5 Nf8 30. Nc5 Bxc5 31. dxc5 Nc6 32. Ne2 b4 33. b3 Qa6 34. axb4
Nxb4 35. Nd4 Kf7 36. Qd2 Nd3 37. c6 Qa1+ 38. Kh2 Nxf2 39. c7 Qh1+ 40. Kg3 Qg1
41. c8=Q Nh1+ 42. Kf4 h6 43. Nxf5 g5+ 44. Kg4 exf5+ 45. Qxf5+ Ke8 46. Qc8+ Kf7
47. Qxd5+ Kg7 48. Qc7+ Kh8 49. Kf5 Qe3 50. e6 1-0

[Event "21st Abu Dhabi Masters 2014"]
[Site "Abu Dhabi UAE"]
[Date "2014.08.21"]
[Round "2.5"]
[White "Bajarani, Ulvi"]
[Black "Istratescu, Andrei"]
[Result "0-1"]
[WhiteTitle "GM"]
[BlackTitle "GM"]
[WhiteElo "2483"]
[BlackElo "2656"]
[WhiteFideId "13403028"]
[BlackFideId "1200372"]
[EventDate "2014.08.20"]

1. e4 e6 2. d4 d5 3. Nd2 c5 4. Ngf3 cxd4 5. Nxd4 Nc6 6. Bb5 Bd7 7. Nxc6 bxc6 8.
Bd3 Bd6 9. Qe2 Ne7 10. Nf3 Ng6 11. e5 Bc7 12. O-O O-O 13. Ng5 Qe8 14. f4 f5 15.
exf6 Rxf6 16. Bxg6 Qxg6 17. Nf3 c5 18. c3 Rb8 19. Ne5 Qe8 20. b3 Bb5 21. c4 Bxe5
22. fxe5 Rxf1+ 23. Qxf1 dxc4 24. bxc4 Ba6 25. Be3 Rc8 26. Qf4 Qg6 27. h3 h6 28.
Rc1 Qd3 29. Kh2 Kh7 30. Qf2 Bxc4 31. Qc2 Qxc2 32. Rxc2 Bd5 33. Rxc5 Rb8 34. Rc2
a5 35. a3 Kg6 36. Rf2 Rc8 37. Bb6 a4 38. Ba5 h5 39. Bb4 Rc1 40. h4 Rc4 41. Kh3
Re4 42. Bd6 Re3+ 43. Kh2 Ba8 44. Rf8 Bc6 45. Rf2 Bd5 46. Kg1 Re4 47. Rb2 Bb3 48.
g3 Re3 49. Kf2 Rd3 50. Re2 Bd5 51. Re3 Rb3 52. Bf8 Rb7 53. Bb4 Kf5 54. Ke2 Kg4
55. Kd3 Rc7 56. Kd4 Rc4+ 57. Kd3 Kh3 58. Bf8 g6 59. Bh6 Kg4 60. Kd2 Rc7 61. Bg5
Rb7 62. Rc3 Kf5 63. Bf4 g5 64. Bxg5 Kxe5 65. Bf4+ Kf5 66. Re3 Be4 67. Rc3 Rb5
68. Rc4 e5 69. Bg5 Rb2+ 70. Kc1 Rb3 71. Rxa4 Rxg3 72. Kd2 Rd3+ 73. Ke2 Rb3 74.
Ra5 Bc6 75. Rc5 Bf3+ 76. Kf2 Rxa3 77. Be3 Ke4 78. Rc4+ Kd3 79. Rc1 Bg4 80. Bg5
Kd4 81. Re1 Rf3+ 82. Kg1 e4 83. Rd1+ Ke5 84. Re1 Rf7 85. Rf1 Rb7 86. Bf6+ Kd5
87. Kf2 Rb3 88. Bg5 Kd4 89. Re1 Rf3+ 90. Ke2 e3 0-1

[Event "21st Abu Dhabi Masters 2014"]
[Site "Abu Dhabi UAE"]
[Date "2014.08.21"]
[Round "2.6"]
[White "Efimenko, Zahar"]
[Black "Grover, Sahaj"]
[Result "1-0"]
[WhiteTitle "GM"]
[BlackTitle "GM"]
[WhiteElo "2641"]
[BlackElo "2492"]
[WhiteFideId "14107201"]
[BlackFideId "5021103"]
[EventDate "2014.08.20"]

1. e4 e5 2. Nf3 Nc6 3. Bb5 f5 4. Nc3 fxe4 5. Nxe4 Nf6 6. Nxf6+ Qxf6 7. Qe2 Be7
8. Bxc6 bxc6 9. Nxe5 Qe6 10. d4 Bf6 11. Nf3 Qxe2+ 12. Kxe2 d6 13. Be3 O-O 14.
Kd2 c5 15. dxc5 Bxb2 16. Rab1 Bf6 17. cxd6 Rd8 18. Bc5 Be7 19. Kc1 cxd6 20. Bd4
Rd7 21. Re1 Rc7 22. Rb3 Kf7 23. Ree3 Be6 24. Rec3 Rxc3 25. Rxc3 Bxa2 26. Rc7 Bd5
27. Bxa7 Bxf3 28. gxf3 Ke6 29. Kd2 Rf8 30. Ke2 Rf5 31. Be3 Rh5 32. Bf4 Rh4 33.
Rxe7+ 1-0

[Event "21st Abu Dhabi Masters 2014"]
[Site "Abu Dhabi UAE"]
[Date "2014.08.21"]
[Round "2.7"]
[White "Shyam, Nikil P."]
[Black "Petrosian, Tigran L."]
[Result "1/2-1/2"]
[WhiteTitle "IM"]
[BlackTitle "GM"]
[WhiteElo "2469"]
[BlackElo "2641"]
[WhiteFideId "5024218"]
[BlackFideId "13301616"]
[EventDate "2014.08.20"]

1. e4 g6 2. d4 Bg7 3. Be3 d6 4. Qd2 c6 5. f3 Qb6 6. c3 f5 7. e5 Qc7 8. f4 d5 9.
Nf3 Nh6 10. c4 dxc4 11. Bxc4 Nd7 12. Ng5 Nb6 13. Ne6 Bxe6 14. Bxe6 Nf7 15. Nc3
Nd8 16. Bb3 e6 17. h3 Nd5 18. g4 Qf7 19. O-O-O Bh6 20. g5 Bf8 21. h4 h5 22. gxh6
Rxh6 23. Rdg1 Qh7 24. Bf2 Be7 25. Bd1 Kd7 26. h5 gxh5 27. Bh4 Bxh4 28. Rxh4 Ne7
29. Rgh1 b6 30. Bf3 Rc8 31. Ne2 Kc7 32. Ng3 Nd5 33. Kb1 Kb8 34. a3 Nb7 35. Rxh5
Rxh5 36. Nxh5 Qh6 37. Bxd5 cxd5 38. Qg2 Na5 39. Qg7 Qh8 40. Qe7 Qg8 41. Nf6 Qg2
42. Rh7 Qc2+ 43. Ka2 Qb3+ 44. Kb1 Qd3+ 45. Ka2 Qc4+ 46. Kb1 Qc2+ 47. Ka2 Qc4+
48. Kb1 Qc7 49. Qxe6 Qc2+ 50. Ka2 Qc4+ 51. Kb1 Qd3+ 52. Ka2 Qb3+ 53. Kb1 Qc2+
54. Ka2 Qb3+ 1/2-1/2

[Event "21st Abu Dhabi Masters 2014"]
[Site "Abu Dhabi UAE"]
[Date "2014.08.21"]
[Round "2.8"]
[White "Gupta, Abhijeet"]
[Black "Ghosh, Diptayan"]
[Result "1/2-1/2"]
[WhiteTitle "GM"]
[BlackTitle "IM"]
[WhiteElo "2638"]
[BlackElo "2473"]
[WhiteFideId "5010608"]
[BlackFideId "5045207"]
[EventDate "2014.08.20"]

1. Nf3 Nf6 2. g3 g6 3. Bg2 Bg7 4. c4 c6 5. O-O O-O 6. b3 d5 7. Bb2 Bg4 8. Qc2
Nbd7 9. d3 Bxf3 10. Bxf3 e5 11. Nd2 Re8 12. Bg2 Bf8 13. a3 a5 14. cxd5 cxd5 15.
Rac1 Rc8 16. Qb1 Qb6 17. e4 Bh6 18. Rxc8 Rxc8 19. Nf3 d4 20. Ba1 Qc5 21. Bh3 Rc6
22. b4 axb4 23. axb4 Qc2 24. b5 Rc5 25. Nxd4 exd4 26. Bxd4 Qe2 27. Bxc5 Nxc5 28.
Rd1 Bg7 29. Bf1 Qh5 30. Qc2 Ne6 31. Be2 Qe5 32. Qc8+ Bf8 33. b6 Kg7 34. Rb1 Bc5
35. Qxb7 Qd4 36. Rf1 Bxb6 37. Bd1 Qb2 38. Qc6 Bd4 39. Qc4 Nd7 40. Qb3 Qd2 41.
Bg4 Ndc5 42. Qd1 Qb2 43. Bxe6 Nxe6 44. h4 h5 45. Kg2 Qa2 46. Qf3 Qd2 47. Qd1 Qa2
48. Qb1 Qd2 49. Qd1 1/2-1/2

[Event "21st Abu Dhabi Masters 2014"]
[Site "Abu Dhabi UAE"]
[Date "2014.08.21"]
[Round "2.9"]
[White "Karthikeyan, Murali"]
[Black "Pashikian, Arman"]
[Result "1/2-1/2"]
[WhiteTitle "IM"]
[BlackTitle "GM"]
[WhiteElo "2462"]
[BlackElo "2631"]
[WhiteFideId "5074452"]
[BlackFideId "13301578"]
[EventDate "2014.08.20"]

1. e4 e5 2. Nf3 Nc6 3. Bb5 Nf6 4. O-O Nxe4 5. Re1 Nd6 6. Nxe5 Be7 7. Bd3 Nxe5 8.
Rxe5 O-O 9. c3 Ne8 10. Bc2 d5 11. d4 Bd6 12. Re3 Qh4 13. h3 f5 14. Nd2 f4 15.
Nf3 Qf6 16. Re1 c6 17. Ne5 Nc7 18. Qd3 Qh4 19. Nf3 Qh6 20. c4 Bf5 21. Qb3 Bxc2
22. Qxc2 dxc4 23. Qxc4+ Nd5 24. Bd2 Qg6 25. b4 a6 26. a4 Qf7 27. b5 cxb5 28.
axb5 Nc7 29. Qxf7+ Rxf7 30. bxa6 Rxa6 31. Rxa6 bxa6 32. Ng5 Rf5 33. Ne4 Bf8 34.
Rc1 Nb5 35. Rc6 Nxd4 1/2-1/2